CAFTA-DR: perspectivas desde los EE.UU. /
Guardado en:
| 主要作者: | |
|---|---|
| 格式: | Texto |
| 主題: | |
| 標簽: |
添加標簽
沒有標簽, 成為第一個標記此記錄!
|
MARC
| LEADER | 00000 a a2200000 04500 | ||
|---|---|---|---|
| 001 | 13092 | ||
| 003 | |||
| 040 | |||
| 100 | |a Rosenberg, Robin | ||
| 245 | |a CAFTA-DR: perspectivas desde los EE.UU. / |c Robin Rosenberg | ||
| 650 | |a TLC | ||
| 650 | |a ACUERDOS INTERNACIONALES | ||
| 650 | |a ESTADOS UNIDOS | ||
| 650 | |a AMERICA LATINA | ||
| 773 | |g volumen 6, número 3; páginas 11-14 | ||
| 999 | |c 30297 |d 30297 | ||
